| 000 | 00476nam a2200181Ia 4500 | ||
|---|---|---|---|
| 003 | GCL | ||
| 008 | 140319s9999 xx 000 0 eng d | ||
| 020 | _a0195211073 | ||
| 040 |
_aGCL / _cGCL |
||
| 082 | 0 | 4 |
_a658.8 _bO F |
| 245 | 1 | 0 |
_aFROM PLAN TO MARKET : _bWORLD DEVELOPMENT REPORT 1996 |
| 260 |
_aانجلترا : _bOXFORD UNIVERSITY PRESS ، _c1996 |
||
| 300 |
_a28 CM ؛ _c245 P |
||
| 650 | 0 | 4 | _aMANAGEMENT |
| 650 | 0 | 4 | _aBUSINESS |
| 650 | 0 | 4 | _aMARKETING |
| 942 |
_2ddc _cBK |
||
| 999 |
_c821 _d821 |
||